Séminaires de probabilités XI
Uloženo v:
| Hlavní autoři: | , |
|---|---|
| Další autoři: | |
| Médium: | Kniha |
| Jazyk: | francouzština |
| Vydáno: |
Berlín
Springer-Verlag
1977
|
| Edice: | Lecture Notes in Mathematics, 581
|
| Témata: | |
| Tagy: |
Přidat tag
Žádné tagy, Buďte první, kdo vytvoří štítek k tomuto záznamu!
|
MARC
| LEADER | 00000nam a2200000 a 4500 | ||
|---|---|---|---|
| 001 | UCP1823 | ||
| 003 | CL-VaPUC | ||
| 008 | 990426e19770000GW |||||||||||||||||fre|d | ||
| 082 | 0 | 4 | |a 519.2 |b DEL |2 21 |
| 100 | |a Dellacherie, Claude |e author |9 423203 | ||
| 700 | |a Meyer, Paul-André |e autor |9 423204 | ||
| 700 | 0 | |a Weil, M |e author |9 428136 | |
| 245 | 1 | 0 | |a Séminaires de probabilités XI |
| 300 | |a 573 p | ||
| 942 | |c BK | ||
| 945 | |d 19990426 00:00:00 |a crobeson | ||
| 260 | |a Berlín |b Springer-Verlag |c 1977 | ||
| 650 | 0 | |a Teoría de probabilidades |9 336944 | |
| 650 | 7 | |a INTEGRALES ESTOCASTICAS |2 CL-VaPUC |9 424870 | |
| 650 | 7 | |a TEORIA ASINTOTICA |2 CL-VaPUC |9 424868 | |
| 650 | 7 | |a DESVIACION |2 CL-VaPUC |9 395375 | |
| 650 | 0 | |a Convergencia |9 325469 | |
| 583 | |a last modification |c 19990426 00:00:00 |k Rodrigo Vera | ||
| 490 | 0 | |a Lecture Notes in Mathematics, 581 | |
| 999 | |c 280456 |d 280454 | ||
| 952 | |0 0 |1 0 |4 0 |6 519_200000000000000_DEL_1977 |7 0 |8 A |9 320761 |a BIBGIM |b BIBGIM |d 2019-11-20 |i 1344277 |o 519.2 DEL 1977 |p 1344277 |r 2025-01-15 |w 2019-11-20 |y BK |k EST | ||